Geografia nosologica dell'Italia / (Record no. 165581)

MARC details
000 -LEADER
campo de control de longitud fija 00810nam a22001935i 4500
001 - NÚMERO DE CONTROL
campo de control 165581
003 - IDENTIFICADOR DE NÚMERO DE CONTROL
campo de control ES-MaACL
005 - FECHA Y HORA DE LA ÚLTIMA TRANSACCIÓN
campo de control 20230906213152.0
008 - DATOS DE LONGITUD FIJA--INFORMACIÓN GENERAL
campo de control de longitud fija 050826s1881 it | |||||||| ||ita d
100 1# - ENTRADA PRINCIPAL--NOMBRE DE PERSONA
Nombre de persona Sormani, Giuseppe.
9 (RLIN) 132834
245 10 - MENCIÓN DEL TÍTULO
Título Geografia nosologica dell'Italia /
Mención de responsabilidad, etc. studio del dottore Giuseppe Sormani.
260 ## - PUBLICACIÓN, DISTRIBUCIÓN, ETC.
Lugar de publicación, distribución, etc. Roma :
Nombre del editor, distribuidor, etc. [s.n.],
Fecha de publicación, distribución, etc. 1881 (
Fabricante Tip. Eredi Botta)
300 ## - DESCRIPCIÓN FÍSICA
Extensión XVI, 335 p. ;
Dimensiones 26 cm.
594 ## - Nota al título y mención de responsabilidad
Nota al título y mención de responsabilidad Precede al tít.: Ministero di Agricoltura, Industria e Commercio, Direzione di Stadistica.
595 ## -
-- Estratte dagli Annali di statistica, serie 2ª, n. 6.
650 #4 - PUNTO DE ACCESO ADICIONAL DE MATERIA--TÉRMINO DE MATERIA
Término de materia o nombre geográfico como elemento de entrada Geografía médica-
Subdivisión geográfica Italia.
9 (RLIN) 171557
710 1# - ENTRADA AGREGADA--NOMBRE DE ENTIDAD CORPORATIVA
Nombre de entidad corporativa o nombre de jurisdicción como elemento de entrada Italia.
Unidad subordinada Ministero di Agricoltura, Industria e Commercio.
9 (RLIN) 155577
852 ## - LOCALIZACIÓN
Ubicación ES-MaACL
Número de control de estantería C-11225
Nota libre - Enc. hol.
-- - Donativo de Vicente Cabello
Holdings
Estatus retirado Estado de pérdida Estado de daño No para préstamo Colección Biblioteca de origen Biblioteca actual Ubicación en estantería Fecha de adquisición Fuente de adquisición Total de préstamos Signatura topográfica completa Código de barras Visto por última vez Precio de reemplazo Tipo de ítem Koha
        Libros del s. XIX Biblioteca del Ateneo de Madrid Biblioteca del Ateneo de Madrid Sala Palomar 17/01/2008     C-11225 1173648 23/02/2023 23/02/2023 Libro impreso antiguo